[Event "Aarhus Festuge 2020"]
[Site "Aarhus"]
[Date "2020.09.13"]
[Round "5"]
[White "Taylor, Graham Christopher"]
[Black "Hansen, Morten Lyck"]
[Result "1-0"]
[WhiteElo "1835"]
[BlackElo "1944"]
[PlyCount "51"]
[EventDate "2020.09.11"]
[EventType "swiss"]
[EventRounds "5"]
[EventCountry "DEN"]

1. e4 c5 2. Nf3 d6 3. d4 cxd4 4. Nxd4 Nf6 5. Nc3 e6 6. g4 h6 7. h4 Nc6 8. Rg1
Nd7 9. g5 hxg5 10. hxg5 g6 11. Be3 a6 12. Qd2 Qc7 13. O-O-O Na5 14. f4 Nc4 15.
Bxc4 Qxc4 16. Rh1 Rg8 17. f5 Ne5 18. fxe6 Bxe6 19. Bf4 Qc7 20. Nxe6 fxe6 21.
Bxe5 dxe5 22. Rhf1 Bb4 23. Rf6 Qe7 24. Qh2 Bxc3 25. bxc3 Rc8 26. Qxe5 1-0

[Event "Aarhus Festuge 2020"]
[Site "Aarhus"]
[Date "2020.09.13"]
[Round "5"]
[White "Madsen, Michael B"]
[Black "Vangsgaard, Claus"]
[Result "1/2-1/2"]
[WhiteElo "2064"]
[BlackElo "1848"]
[PlyCount "62"]
[EventDate "2020.09.11"]
[EventType "swiss"]
[EventRounds "5"]
[EventCountry "DEN"]

1. d4 c5 2. d5 e5 3. c4 d6 4. e4 Be7 5. Nf3 Nf6 6. Bd3 O-O 7. h3 Ne8 8. g4 a6
9. Nc3 b5 10. cxb5 axb5 11. Nxb5 Nc7 12. Nxc7 Qxc7 13. Qe2 Ba6 14. Bxa6 Nxa6
15. a3 Rfb8 16. Kf1 Qb7 17. Kg2 Qb5 18. Re1 Bd8 19. Nd2 Ba5 20. Qxb5 Rxb5 21.
Re2 Bxd2 22. Rxd2 Rb3 23. Rc2 Kf8 24. Bd2 Rab8 25. Bc3 Ke7 26. Rf1 Nc7 27. f4
f6 28. fxe5 dxe5 29. Rff2 Nb5 30. Ba5 Kd6 31. g5 Nd4 1/2-1/2